000 00864nam a2200265Ia 4500
003 OSt
005 20221005081121.0
006 a|||||r|||| 00| 0
007 ta
008 221004b |||||||| |||| 00| 0 eng d
020 _a8173071039 (hbk)
_c1795
024 _a87473
037 _b418, 19/03/2007, Bhartiya Sahitya Bhawan
_cTextual
040 _aCRL
_cCRL
_beng
041 _2eng
_aeng
082 _aY73:(V2:71), P6
100 _aSengupta Gautam Ed.
_9454035
245 0 _aPast and present
_b ethnoarchaeology in India
260 _aNew Delhi
_bPragati India
_c2006
300 _axxviii,463p.
_ccm.
650 _aSOCIOLOGY
700 _a Roychoudhury Suchitra Ed.
_9610826
942 _hY73:(V2:71), P6
_cTEXL
_2cc
999 _c987176
_d987176